[Event "Zuerich op-B 36th"]
[Site "Zuerich"]
[Date "2012.12.29"]
[Round "5"]
[White "Jovalekic, Aleksandar"]
[Black "Abaecherli, Simon"]
[Result "1-0"]
[WhiteElo "1819"]
[BlackElo "1930"]
[PlyCount "25"]
[EventDate "2012.12.26"]
[EventType "swiss"]
[EventRounds "7"]
[EventCountry "SUI"]
[SourceTitle "EXT 2019"]
[Source "ChessBase"]
[SourceDate "2018.10.10"]
[SourceVersion "1"]
[SourceVersionDate "2018.10.10"]
[SourceQuality "1"]

1. e4 e6 2. d4 d5 3. Nc3 Bb4 4. Qd3 dxe4 5. Qxe4 Nf6 6. Qh4 c5 7. Nf3 Qa5 8. Bd2 0-0 9. Bd3 cxd4 10. Nxd4 e5 11. Nb3 Qb6 12. Nd5 Bxd2+ 13. Nxd2 1-0

[Event "Zuerich op-B 36th"]
[Site "Zuerich"]
[Date "2012.12.29"]
[Round "6"]
[White "Spitzer, Erwin"]
[Black "Jovalekic, Aleksandar"]
[Result "1-0"]
[WhiteElo "2019"]
[BlackElo "1819"]
[PlyCount "103"]
[EventDate "2012.12.26"]
[EventType "swiss"]
[EventRounds "7"]
[EventCountry "SUI"]
[SourceTitle "EXT 2019"]
[Source "ChessBase"]
[SourceDate "2018.10.10"]
[SourceVersion "1"]
[SourceVersionDate "2018.10.10"]
[SourceQuality "1"]

1. e4 c5 2. Nf3 Nc6 3. d4 cxd4 4. Nxd4 Nf6 5. Nc3 e6 6. Nxc6 bxc6 7. Bd3 d5 8. 0-0 Be7 9. Qf3 a6 10. Bf4 Bb7 11. e5 Nd7 12. Rfe1 g6 13. a3 c5 14. b3 Bf8 15. Rab1 Bg7 16. Qg3 Qc7 17. h4 0-0 18. h5 Rfe8 19. Nd1 Rab8 20. Bf1 Rbc8 21. f3 Qd8 22. Nf2 f6 23. hxg6 hxg6 24. Qxg6 fxe5 25. Bg5 Nf8 26. Qh5 Bf6 27. Rxe5 Nh7 28. Bxf6 Qxf6 29. Bd3 Re7 30. Ng4 Qh8 31. Nh6+ Kf8 32. Rxe6 Qg7 33. Nf5 Nf6 34. Nxg7 Nxh5 35. Rxe7 Kxe7 36. Nxh5 Rg8 37. g4 Kd6 38. Bf5 d4 39. Kf2 Rb8 40. Re1 Bd5 41. Nf6 Bxb3 42. cxb3 Rxb3 43. Re6+ Kc7 44. Rxa6 Kb7 45. Ra4 Kb6 46. Nd5+ Kc6 47. Nf4 Rb2+ 48. Kg3 Rb8 49. Nd3 Kb5 50. Bd7+ Kb6 51. Rc4 Rd8 52. Nxc5 1-0